000 00834cam a2200229 4500
001 ABS61560
008 000000n1999 000 0 eng u
035 _a(Sirsi) u102830
100 _aCooper, M.
245 _aE-tour boom hits home
260 _c1999
490 _aEstates Gazette
_v(9944) 6 November 1999, 62-63(2)
520 _aEmphasises the need for surveyors to embrace e-commerce and the opportunities which it will bring, however some in the industry believe that the new technology could threaten the jobs of valuation surveyors as more work is done by computer.
590 _aABS
650 _aELECTRONIC COMMERCE
650 _aINTERNET
650 _aESTATE AGENCY
650 _aVALUATION SURVEY
650 _aSURVEYING FIRMS
690 _aMANAGEMENT-BUSINESS MANAGEMENT-INFORMATION MANAGEMENT
942 _n0
999 _c61803
_d61803